| 000 | 01728cam a22003374a 4500 | ||
|---|---|---|---|
| 090 | _c0 | ||
| 001 | 12783678 | ||
| 005 | 20030326155057.0 | ||
| 008 | 020521s2002 nyu b s001 0 eng | ||
| 010 | _a 2002008073 | ||
| 020 | _a0815629788 | ||
| 040 |
_aDLC _cDLC |
||
| 042 | _apcc | ||
| 043 | _aa-ir--- | ||
| 050 | 0 | 0 |
_aDS318.825 _b.M67 2002 |
| 082 | 0 | 0 |
_a320.955 _221 _bMOS |
| 100 | 1 | _aMoslem, Mehdi. | |
| 245 | 1 | 0 |
_aFactional politics in post-Khomeini Iran / _cMehdi Moslem. |
| 250 | _a1st ed. | ||
| 260 |
_aSyracuse : _bSyracuse University Press, _c2002. |
||
| 300 |
_axi, 366 p. ; _c23 cm. |
||
| 440 | 0 | _aModern intellectual and political history of the Middle East | |
| 504 | _aIncludes bibliographical references (p. 335-341) and index. | ||
| 505 | 0 | _aThe Islamic state in Iran : from theory to reality -- Factional politics in Khomeini's era -- Factions in post-Khomeini Iran : renditions and sources -- The ascension of Rafsanjani, the alliance of the two rights, and the demise of the left -- The split of the two rights and the alliance of the left with the modern right -- Factional politics under Khatami : civil society versus guardianship society -- Conclusion. | |
| 650 | 0 |
_aIslam and politics _zIran. |
|
| 651 | 0 |
_aIran _xPolitics and government _y1979-1997. |
|
| 651 | 0 |
_aIran _xPolitics and government _y1997- |
|
| 942 |
_2ddc _cBB |
||
| 999 |
_c10741 _d10741 |
||